Normal view
MARC view
Entry Uniform Title
001 - CONTROL NUMBER
- control field: 16170
003 - CONTROL NUMBER IDENTIFIER
- control field: dpl
005 - DATE AND TIME OF LATEST TRANSACTION
- control field: 20100823115128.0
008 - FIXED-LENGTH DATA ELEMENTS
- fixed length control field: 100823|||a|||||| | ||| d
040 ## - CATALOGING SOURCE
- Original cataloging agency: dpl
- Transcribing agency: dpl
130 ## - HEADING--UNIFORM TITLE
- Uniform title: State Fauna Series, 18
670 ## - SOURCE DATA FOUND
- Source citation: Work cat.: (dpl): Fauna of uttarakhand /, 2010
670 ## - SOURCE DATA FOUND
- Source citation: Work cat.: (dpl): Fauna of uttarakhand /, 2010
